History Quiz

Random History or Politics Quiz

Dean Scream States Quiz Stats

Quiz Updated Jul 27, 2016

Challenge
Share
Tweet
Embed
Score 0/13 Timer 03:00
0 Plays Today
Place % Correct
California
87.6%
New York
83.7%
Texas
83.2%
Washington
82%
New Hampshire
78.5%
Oregon
77.7%
Michigan
75.1%
Arizona
73.3%
South Carolina
72.9%
New Mexico
68.2%
Oklahoma
62.7%
North Dakota
59.4%
South Dakota
58.2%

You're not logged in!

Compare scores with friends on all Sporcle quizzes.
Sign Up with Email
OR
Log In

You Might Also Like...

Show Comments

Extras

Top Quizzes Today


Score Distribution

Your Account Isn't Verified!

In order to create a playlist on Sporcle, you need to verify the email address you used during registration. Go to your Sporcle Settings to finish the process.